Pedagogía i organización escolar / (Record no. 12863)

000 -CABECERA
fixed length control field 00746nam a22002177a 4500
003 - IDENTIFICADOR DEL NÚMERO DE CONTROL
control field AR-CdUCM
008 - DATOS DE LONGITUD FIJA--INFORMACIÓN GENERAL
fixed length control field 190410b ||||| |||| 00| 0 spa d
040 ## - FUENTE DE LA CATALOGACIÓN
Agencia/entidad que catalogó originalmente la obra MUNICIPALIDAD PROVINCIAL DEL CUSCO
Entidad que transcribió la catalogación BIBLIOTECA MUNICIPAL DEL CUSCO
082 ## - NÚMERO DE LA CLASIFICACIÓN DECIMAL DEWEY
No. de Clasificación C / 372.1 /
Notacion interna L95
100 ## - ENTRADA PRINCIPAL--NOMBRE DE PERSONA
Nombre Personal Luna, Humberto
245 ## - MENCIÓN DE TÍTULO
Título Pedagogía i organización escolar /
260 ## - PUBLICACIÓN, DISTRIBUCIÓN, ETC.
Lugar de publicación, distribución, etc. Cuzco
Nombre de la editorial, distribuidor, etc. Rozas,
Fecha de publicación, distribución, etc. 1927.
300 ## - DESCRIPCIÓN FÍSICA
Nº de Páginas Extensión 216 páginas ;
Dimensiones 20 cm.
505 ## - NOTA DE CONTENIDO CON FORMATO
Nota de contenido formateada Pedagogía -- La educación -- Fin biológico de la educación -- Carácter sicológico de la educación...
650 ## - PUNTO DE ACCESO ADICIONAL DE MATERIA--TÉRMINO DE MATERIA
Descriptor Educación.
9 (RLIN) 460
650 ## - PUNTO DE ACCESO ADICIONAL DE MATERIA--TÉRMINO DE MATERIA
Descriptor Pedagogía.
9 (RLIN) 1560
650 ## - PUNTO DE ACCESO ADICIONAL DE MATERIA--TÉRMINO DE MATERIA
Descriptor Psicología educativa.
9 (RLIN) 5123
650 ## - PUNTO DE ACCESO ADICIONAL DE MATERIA--TÉRMINO DE MATERIA
Descriptor Humberto Luna.
9 (RLIN) 30956
942 ## - ELEMENTOS DE PUNTO DE ACCESO ADICIONAL (KOHA)
Fuente de clasificación
Tipo de item Libros-BMC
945 ## - PROCESAMIENTO DE INFORMACIÓN LOCAL (OCLC)
Catalogador wfj
AAAA-MM-DD - Fecha de ingreso o modificacion 2019-04-10
Holdings
Estado de retiro (separado) Fuente de clasificación o esquema de estanterías Estado dañado Ubicación Sala donde se ubica Nombre de la colección Fecha de adquisición o compra Costo, precio normal en soles Signatura topográfica Código de Barras Última vez visto (Koha) Tipo de ítem (Koha)
No     Sala Cusco Antiguo Sala Humanidades Book Cart 2019-04-10 80.00 372.1 / L95 SCA0002493 2019-04-10 Libros-BMC

Powered by Koha